Countries That Beat Belarus - Statistics

General Stats
  • This quiz has been taken 71 times
  • The average score is 12 of 16
Answer Stats
Rank Category Country(es) % Correct
3 Most Russian speakers Russia | Ukraine
98%
6 Country with which Russia shares the longest border Kazakhstan | China | Mongolia | Finland | Ukraine
96%
9 Coldest in Europe Russia | Iceland | Finland | Norway | Sweden | Estonia | Switzerland | Latvia
96%
15 Most authoritarian Afghanistan | Myanmar | North Korea | Central African Republic | Syria | DR Congo | Turkmenistan | Chad | Laos | Equatorial Guinea | Tajikistan | China | Yemen | Iran
91%
10 (t) Most total medals in gymnastics Ukraine | Russia | China | France | Bulgaria | Spain | Japan | United Kingdom | Italy
89%
8 Most populous capital wholly in Europe Russia | United Kingdom | Germany | Spain | Ukraine | Italy | France
88%
5 Earliest country in the alphabet starting with B Bahamas | Bahrain | Bangladesh | Barbados
86%
5 Lowest life expectancy in Europe Moldova | Russia | Ukraine | Bulgaria
84%
2 Lowest LGBT equality in Europe Russia
84%
7 Largest country with a red-white-and-green flag Algeria | Mexico | Iran | Madagascar | Oman | Italy
77%
6 Highest percent of Eastern Orthodox Moldova | Greece | Cyprus | Serbia | Georgia
75%
6 Highest average IQ Japan | Taiwan | Singapore | China | South Korea
74%
3 Last European SSR to gain independence Moldova | Russia
72%
4 Largest potash producer Canada | China | Russia
67%
10 Highest coronary heart disease death rate Tajikistan | Azerbaijan | Uzbekistan | Ukraine | Oman | Afghanistan | Vanuatu | Solomon Islands | Mongolia
44%
3 Highest cigarette consumption per person Andorra | Luxembourg
21%
No matching quizzes found
Score Distribution
Percent of People with Each Score
Percentile by Number Answered
Your Score History
You have not taken this quiz